|
|
|
|
| LEADER |
00000nam0a2200000 4500 |
| 001 |
186980 |
| 005 |
20231101224029.0 |
| 035 |
|
|
|a (RuTPU)RU\TPU\book\202886
|
| 090 |
|
|
|a 186980
|
| 100 |
|
|
|a 20101108d1976 k y0rusy50 ca
|
| 101 |
0 |
|
|a rus
|
| 102 |
|
|
|a RU
|
| 105 |
|
|
|a a z 001zy
|
| 200 |
1 |
|
|a Геохимические методы количественного прогноза нефтегазоносности
|f А. Э. Конторович
|g Сибирский научно-исследовательский институт геологии, геофизики и минерального сырья (СНИИГГиМС)
|
| 210 |
|
|
|a Москва
|c Недра
|d 1976
|
| 215 |
|
|
|a 249 с.
|c ил.
|
| 225 |
1 |
|
|a Труды Сибирского научно-исследовательского института геологии, геофизики и минерального сырья (СНИИГГиМС)
|v Вып. 229
|
| 225 |
1 |
|
|a Серия нефтяной геологии
|
| 320 |
|
|
|a Список литературы: с. 228-249.
|
| 606 |
1 |
|
|a Нефтегазоносность
|2 stltpush
|3 (RuTPU)RU\TPU\subj\45590
|9 64783
|
| 606 |
1 |
|
|a Полезные ископаемые
|x Поиски и разведка
|x Геохимический метод
|2 stltpush
|3 (RuTPU)RU\TPU\subj\50104
|9 68851
|
| 610 |
1 |
|
|a геохимия
|
| 610 |
1 |
|
|a прогнозы
|
| 610 |
1 |
|
|a геохимические методы
|
| 610 |
1 |
|
|a количественная оценка
|
| 610 |
1 |
|
|a объемно-статистический метод
|
| 675 |
|
|
|a 553.98
|v 3
|
| 675 |
|
|
|a 550.84
|v 3
|
| 700 |
|
1 |
|a Конторович
|b А. Э.
|g Алексей Эмильевич
|
| 712 |
0 |
2 |
|a Сибирский научно-исследовательский институт геологии, геофизики и минерального сырья (СНИИГГиМС)
|c (Новосибирск)
|2 stltpush
|3 (RuTPU)RU\TPU\col\322
|
| 801 |
|
1 |
|a RU
|b 63413507
|c 20101108
|
| 801 |
|
2 |
|a RU
|b 63413507
|c 20200617
|g RCR
|
| 942 |
|
|
|c BK
|